000 00196 a2200097 4500
001 7483
100 _aDavis,L
245 _aMuslim Conduct of State
260 _a
_bAshraf
_c
090 _c5993
_d5993
942 _aNUST-CAE
_cM
_c32481
999 _c242556
_d242556